| 000 | 00504nam a2200181Ia 4500 | ||
|---|---|---|---|
| 008 | 240925s9999 xx 000 0 und d | ||
| 020 | _a8176356085 | ||
| 082 | _a005.133 LAF | ||
| 100 | _aLafore, Robert | ||
| 245 | 0 | _aObject-Oriented Programming in C++ | |
| 250 | _a4th | ||
| 260 |
_aIndia: _bTechmedia publications _c,2004. |
||
| 300 |
_axxvii,324p. _bNA _fPirated |
||
| 500 | _aIncludes Index | ||
| 600 | _aComputer Science | ||
| 650 | _aComputer science, information & general works | ||
| 942 | _cBK | ||
| 999 |
_c7842 _d7842 |
||